00685nam a2200145Ia 4500008004100000050002400041100002500065245018400090260008600274300003400360521001200394942000700406999001900413952010700432140724s9999 xx 000 0 und d aRT 48.6b.In58 2010 aInnocencio, Zharren. 2aA community diagnosis of Barangay BF International Village CAA-B :bCatanduanes, Leyte, Panay, Ruby, Luzviminda, Luzviminda Ext., Negros, Leyte ext. Streets /cZharren Innocencio. aLas Piñas, Philippines :bSouthville International School and Colleges,cc2010. a101 p. :bcol. Ill. ;c28 cm. aNursing cTH c229042d229042 001040aCLbCLcTHESESd2014-07-24l0oRT 48.6 .In58 2010pT0396r2018-05-15 00:00:00w2014-07-24yTH